Крупицы опыта (Запись № 7241809)

Подробности
000 -МАРКЕР
контрольное поле 00759nas1a22002051i 4500
001 - ИДЕНТИФИКАТОР ЗАПИСИ
контрольное поле rc\97529
005 - ИДЕНТИФИКАТОР ВЕРСИИ
контрольное поле 20240726014210.0
035 ## - ДРУГИЕ СИСТЕМНЫЕ НОМЕРА
Идентификатор записи (NLR Aleph) 005397493
100 ## - ДАННЫЕ ОБЩЕЙ ОБРАБОТКИ
Данные общей обработки 20021216a19979999u |0rusy50 ca
101 0# - ЯЗЫК РЕСУРСА
Язык текста, звукозаписи и т.д. русский
102 ## - СТРАНА ПУБЛИКАЦИИ ИЛИ ПРОИЗВОДСТВА
Страна публикации Российская Федерация
200 1# - ЗАГЛАВИЕ И СВЕДЕНИЯ ОБ ОТВЕТСТВЕННОСТИ
Основное заглавие Крупицы опыта
Сведения, относящиеся к заглавию Информ.-метод. бюл.
Первые сведения об ответственности Каякент. эксперим. науч. лаб. по формированию добрых человеч. отношений
210 ## - ПУБЛИКАЦИЯ, РАСПРОСТРАНЕНИЕ И ДР.
Место издания, распространения и т.д. Махачкала
-- Пятигорск
Имя издателя, распространителя и т. д. Изд-во ПГЛУ
Дата издания, распространения и т.д. 1997-
225 1# - СЕРИЯ
Основное заглавие серии ФДЧО
300 ## - ОБЩИЕ ПРИМЕЧАНИЯ
Текст примечания В надзаг. также: М-во образования Респ.
801 #0 - ИСТОЧНИК ЗАПИСИ
Страна Российская Федерация
Организация NLR
Правила каталогизации psbo
801 #1 - ИСТОЧНИК ЗАПИСИ
Страна Российская Федерация
Организация ELAR
Источник данных rusmarc
852 ## - МЕСТОНАХОЖДЕНИЕ И ШИФР ХРАНЕНИЯ
Идентификатор организации NLR
Шифр хранения (Call Number) П28/1710
942 ## - ДОПОЛНИТЕЛЬНЫЕ ЭЛЕМЕНТЫ ЗАПИСИ (АБИС)
Тип экземпляра АБИС Продолжающееся издание

Нет доступных экземпляров.